Todos os Campeões do Campeonato Candango - Statistics

Estatísticas Gerais
  • Esse quiz foi jogado 70 vezes
    29 desde o último reset
  • A pontuação média é 40 de 65
Estatísticas das Respostas
Hint Resposta % Correto
2004 Brasiliense
100%
2005 Brasiliense
100%
2006 Brasiliense
100%
2007 Brasiliense
100%
2008 Brasiliense
100%
2009 Brasiliense
100%
2011 Brasiliense
100%
2013 Brasiliense
100%
2017 Brasiliense
100%
2021 Brasiliense
100%
2022 Brasiliense
100%
1979 Gama
96%
1990 Gama
96%
1994 Gama
96%
1995 Gama
96%
1997 Gama
96%
1998 Gama
96%
1999 Gama
96%
2000 Gama
96%
2001 Gama
96%
2003 Gama
96%
2015 Gama
96%
2019 Gama
96%
2020 Gama
96%
1976 Brasília
88%
1977 Brasília
88%
1978 Brasília
88%
1980 Brasília
88%
1982 Brasília
88%
1983 Brasília
88%
1984 Brasília
88%
1987 Brasília
88%
2010 Ceilândia
73%
2012 Ceilândia
73%
2024 Ceilândia
73%
1981 Taguatinga
50%
1989 Taguatinga
50%
1991 Taguatinga
50%
1992 Taguatinga
50%
1993 Taguatinga
50%
1996 Guará
46%
2023 Real Brasília
38%
2014 Luziânia
31%
2016 Luziânia
31%
1985 Sobradinho
31%
1986 Sobradinho
31%
2018 Sobradinho
31%
1960 Defelê
19%
1961 Defelê
19%
1962 Defelê
19%
1968 Defelê
19%
1988 Tiradentes
19%
2002 CFZ
12%
1964 Rabello
12%
1965 Rabello
12%
1966 Rabello
12%
1967 Rabello
12%
1973 CEUB
8%
1975 Campineira
4%
1969 Coenge
4%
1971 Colombo
4%
1963 Cruzeiro do Sul
4%
1970 Grêmio Brasiliense
4%
1974 Pioneira
4%
1972 Serviço Gráfico
4%
Nenhum quiz correspondente encontrado
Distribuição das Pontuações
Porcentagem de Pessoas com Cada Pontuação
Percentil de Números Respondidos
Sua Pontuação Histórica
Você não jogou esse quiz desde o último reset